000
00301nam a22001457a 4500
020
_a
978-0-07-026068-9
041
_a
ENG
100
_a
Duggal.S.K
245
_a
Design of Steel Structues
250
_a
3 Edition
260
_a
Delhi
_b
Mc Graw Hill
_c
2019
300
_a
839
650
_a
FS
856
_u
FS
999
_c
57
_d
57